000 00799nam a2200229Ia 4500
001 17667
003 GE_BSU
008 181216s||||||||xx |||||||||||||| ||und||
040 _cGE_BSU
080 _a624.81(035)
100 _aВасилев,В.З. Кохтев,А.А. Цацкин,В.С. Шапошников,К.А.
245 _aСправочные таблицы по деталям машин в 2-х томах. Том 2.
245 _cРед. Т.М.Мусинян.
250 _a5-е изд. испр. и допол.
260 _aМ.
260 _bМашиностроение.
260 _c1966.
300 _a660 стр. с илл. 22 см.
300 _eТабл.
653 _aСправочные таблицы по деталям машин в 2-х томах.
942 _cBK
999 _c50716
_d50716